| 000 | 00498nam a2200217 454500 | ||
|---|---|---|---|
| 001 | 061449 | ||
| 003 | BD-ChCU | ||
| 008 | Eng | ||
| 020 | _a8131707229 | ||
| 040 |
_aDLC _cDLC _dBD-ChCU |
||
| 082 | 0 | 0 | _a323/O12h |
| 100 | 1 |
_aO'byrne, Darren J. _bx |
|
| 245 | 1 | 0 |
_aHuman rights: _bAn introduction |
| 250 | _ax | ||
| 260 |
_aDelhi _bPearson education _c2003 |
||
| 300 | _axii,437 | ||
| 504 | _aIncludes | ||
| 650 | 0 |
_aHuman rights _bPolitical scienne |
|
| 700 | 1 | _ax | |
| 942 |
_2ddc _cBK |
||
| 999 |
_c61449 _d61449 |
||